Mitrovicei Vratislav Vencel viszontagságai, melyeket ő a törökök fővárosában, Konstantinápolyban átélt, fogságba esvén elszenvedett majd szerencsésen kiszabadulván az Úr 1595. esztendejében írásba foglalt /
Uložené v:
| Hlavný autor: | |
|---|---|
| Ďalší autori: | |
| Médium: | Kniha |
| Jazyk: | Hungarian Slovak |
| Vydané: |
Bratislava : Budapest :
Madách ; Európa,
1982.
|
| Vydanie: | 1. maďarské vyd. |
| Témy: | |
| ISBN: |
(viaz.) |
| Fyzický popis: |
272 s. : il. |
| Tagy: |
Pridať tag
Žiadne tagy, Buďte prvý kto otaguje tento záznam!
|
Titul je dostupný aj v ... 

MARC
| LEADER | 00000nam a22000003a 4500 | ||
|---|---|---|---|
| 001 | 000568621 | ||
| 005 | 20221212143748.0 | ||
| 008 | 990426s1982 xo e hun d | ||
| 020 | |a (viaz.) |c Kčs 20,00 | ||
| 040 | |a SVKKK |b slo |c SVKKK |e AACR2 | ||
| 041 | 0 | |a hun |a slo | |
| 044 | |a xo |c SK | ||
| 080 | |a 929 |2 2011 | ||
| 080 | |a 910.3/.4 |2 2011 | ||
| 080 | |a 913(560) |2 2011 | ||
| 080 | |a (0:82-992) |2 2011 | ||
| 100 | 1 | |a Vratislav z Mitrovic, Václav, |d 1576-1635 |4 aut | |
| 240 | 1 | 0 | |a Příhody Václava Vratislava z Mitrovic. |l Maďarsky |
| 245 | 1 | 0 | |a Mitrovicei Vratislav Vencel viszontagságai, melyeket ő a törökök fővárosában, Konstantinápolyban átélt, fogságba esvén elszenvedett majd szerencsésen kiszabadulván az Úr 1595. esztendejében írásba foglalt / |c [z českého originálu preložila Judit Nagy]. |
| 250 | |a 1. maďarské vyd. | ||
| 260 | |a Bratislava : |b Madách ; |a Budapest : |b Európa, |c 1982. | ||
| 300 | |a 272 s. : |b il. | ||
| 600 | 1 | 7 | |a Vratislav z Mitrovic, Václav, |d 1576-1635 |2 SVKKKMA |
| 650 | 7 | |a objavné cesty |2 SVKKKPH | |
| 651 | 7 | |a Turecko |7 SVKKKPH | |
| 655 | 7 | |a cestopisy |2 SVKKKPH | |
| 700 | 1 | |a Nagy, Judith |4 trl | |
| 910 | |a svkkk | ||
| 998 | |a BK | ||
| 090 | |g SCKHL |k Sklad Hlavná 10 suterén |a I.55109 |j 675077 |i 2720680402 |s Povinný výt. | ||